|
|
|
|
| LEADER |
01138nam a2200277 a 4500 |
| 001 |
222 |
| 003 |
BD-DhAAL |
| 005 |
20150129091041.0 |
| 008 |
150129s1991 cau b 001 0 eng |
| 010 |
|
|
|a 90015584
|
| 020 |
|
|
|a 1558151281 (paper) :
|c $12.95
|
| 040 |
|
|
|a DLC
|c DLC
|d DLC
|d BD-DhAAL
|d TxU
|
| 050 |
0 |
0 |
|a HD4010.5
|b .P76 1991
|
| 082 |
0 |
0 |
|a 338.98
|2 20
|
| 245 |
0 |
0 |
|a Privatization of public enterprises in Latin America /
|c edited by William Glade.
|
| 260 |
|
|
|a San Francisco, Calif. :
|b ICS Press,
|c c1991.
|
| 300 |
|
|
|a xiii, 150 p. ;
|c 23 cm.
|
| 500 |
|
|
|a "A copublication of the International Center for Economic Growth, the Institute of the Americas, and the Center for U.S.-Mexican Studies."
|
| 504 |
|
|
|a Includes bibliographical references (p. 131-141) and index.
|
| 541 |
|
|
|e 222
|
| 650 |
|
0 |
|a Privatization
|z Latin America.
|9 7599
|
| 650 |
|
0 |
|a Government business enterprises
|z Latin America.
|9 7600
|
| 700 |
1 |
|
|a Glade, William P.
|9 7601
|
| 942 |
|
|
|2 ddc
|c BK
|
| 999 |
|
|
|c 33525
|d 33525
|
| 952 |
|
|
|0 0
|1 0
|2 ddc
|4 0
|6 338_980000000000000_PRI
|7 0
|9 52369
|a SCL
|b SCL
|c GEN
|d 2015-01-29
|l 0
|o 338.98 PRI
|p 3020000222
|r 2015-01-29
|t 1
|w 2015-01-29
|y BK
|